|
|
|
|
| LEADER |
01780nam a2200337 a 4500 |
| 001 |
0017418 |
| 003 |
BD-DhAAL |
| 005 |
20250420121121.0 |
| 008 |
090723s1993 nyu b l001 0 eng d |
| 020 |
|
|
|a 0195632192
|
| 020 |
|
|
|a 9780195632194
|
| 082 |
0 |
0 |
|a 891/.1
|2 20
|
| 245 |
0 |
0 |
|a Women writing in India :
|b 600 B.C. to the present /
|c edited by Susie Tharu and K. Lalita.
|
| 260 |
|
|
|a New York :
|b Feminist Press at the City University of New York :
|b Distributed by Talman Co.,
|c 1991-<1993>
|
| 300 |
|
|
|a xxviii, 641 p. ;
|c 22 cm.
|
| 362 |
0 |
|
|a Vol. II
|
| 504 |
|
|
|a Includes bibliographical references and index.
|
| 526 |
|
|
|a ENH
|x Professor Syed Manzoorul Islam
Coordinator
Department of English and Humanities
BRAC University
|
| 541 |
1 |
|
|e 0017418
|a Friends' Book Corner
|
| 650 |
|
0 |
|a Indic literature
|x Women authors
|x Translations into English.
|9 4445
|
| 650 |
|
0 |
|a Indic literature (English)
|x Women authors.
|9 4446
|
| 650 |
|
0 |
|a Indic literature
|x Women authors
|x History and criticism.
|9 4447
|
| 650 |
|
0 |
|a Indic literature (English)
|x Women authors
|x History and criticism.
|9 4448
|
| 650 |
|
0 |
|a Women and literature
|z India.
|9 4449
|
| 700 |
1 |
|
|a Tharu, Susie J.
|9 4450
|
| 700 |
1 |
|
|a Lalita, Ke.
|9 4451
|
| 852 |
4 |
|
|a Ayesha Abed Library
|c General Stacks
|
| 942 |
|
|
|2 ddc
|c BK
|
| 999 |
|
|
|c 2803
|d 2803
|
| 952 |
|
|
|0 0
|1 0
|2 ddc
|4 0
|6 891_100000000000000_WOM
|7 0
|9 2575
|a BRACUL
|b BRACUL
|c GEN
|d 2009-07-26
|e Friends' Book Corner
|g 790.00
|l 1
|m 3
|o 891.1 WOM
|p 3010017418
|r 2013-05-20
|s 2013-04-26
|t 1
|w 2009-07-26
|y BK
|x Requisitioned by Professor Syed Manzoorul Islam (Coordinator).
|
| 952 |
|
|
|0 0
|1 0
|2 ddc
|4 0
|6 891_100000000000000_WOM
|7 0
|9 24300
|a BRACUL
|b BRACUL
|c GEN
|d 2014-05-08
|l 1
|m 5
|o 891.1 WOM
|p 3010019377
|r 2025-01-15
|s 2024-12-10
|t 2
|w 2014-05-08
|y BK
|x Transferred from ENH to Ayesha Abed library on 20/12/2023
|